Surveying. (Record no. 8492)

MARC details
000 -LEADER
fixed length control field 01249nac a22003011ic4500
003 - CONTROL NUMBER IDENTIFIER
control field EG-ScBUE
005 - DATE AND TIME OF LATEST TRANSACTION
control field 20250320095604.0
008 - FIXED-LENGTH DATA ELEMENTS--GENERAL INFORMATION
fixed length control field 250311s2005 ii a fr 001 0 eng d
020 ## - INTERNATIONAL STANDARD BOOK NUMBER
International Standard Book Number 817008534
020 ## - INTERNATIONAL STANDARD BOOK NUMBER
International Standard Book Number 9788170088530
040 ## - CATALOGING SOURCE
Original cataloging agency EG-ScBUE
Language of cataloging eng
Description conventions rda
Transcribing agency EG-ScBUE
Modifying agency EG-ScBUE
082 04 - DEWEY DECIMAL CLASSIFICATION NUMBER
Classification number 526.9
Item number PUN
Edition number 22
100 1# - MAIN ENTRY--PERSONAL NAME
Personal name Punmia, B. C.,
Relator term author.
245 10 - TITLE STATEMENT
Title Surveying.
Number of part/section of a work volume 1 /
Statement of responsibility, etc Dr. B. C. Punmia, B.E. (Hons.), M.E. (Hons.), Ph.D., formerly professor and head, dept. of civil engineering, & Dean, faculty of engineering, M.B.M. engineering college, Jodhpur, Ashok Kumar Jain, consulting engineer, Arihant consultants, Mumbai, Arun Kumar Jain, Assistant professor M.B.M. engineering college, Jodhpur, Rajasthan.
250 ## - EDITION STATEMENT
Edition statement Sixteenth edition.
264 #1 - PUBLICATION, DISTRIBUTION, ETC. (IMPRINT)
Place of publication, distribution, etc Daryaganj, New Delhi :
Name of publisher, distributor, etc Laxmi Publications (P), Ltd.,
Date of publication, distribution, etc 2005.
300 ## - PHYSICAL DESCRIPTION
Extent 1 volume (xvi, 536 pages) :
Other physical details illustrations ;
Dimensions 24 cm
336 ## - CONTENT TYPE
Source rdacontent
Content type term text
Content type code txt
337 ## - MEDIA TYPE
Media type term unmediated
Source rdamedia
Media type code n
338 ## - CARRIER TYPE
Carrier type term volume
Carrier type code nc
Source rdacarrier
500 ## - GENERAL NOTE
General note Includes index.
500 ## - GENERAL NOTE
General note Includes appendix.
650 #7 - SUBJECT ADDED ENTRY--TOPICAL TERM
Topical term or geographic name as entry element Surveying.
Source of heading or term BUEsh
655 ## - INDEX TERM--GENRE/FORM
Form subdivision Reading book
700 1# - ADDED ENTRY--PERSONAL NAME
Personal name Jain, Arun Kumar,
Relator term author.
700 1# - ADDED ENTRY--PERSONAL NAME
Personal name Jain, Ashok Kumar,
Relator term author.
942 ## - ADDED ENTRY ELEMENTS (KOHA)
Koha item type Book - Borrowing
Source of classification or shelving scheme Dewey Decimal Classification
Holdings
Withdrawn status Lost status Source of classification or shelving scheme Damaged status Not for loan Collection code Home library Current library Shelving location Date acquired Source of acquisition Total Checkouts Full call number Barcode Date last seen Price effective from Koha item type
    Dewey Decimal Classification     Alahram Central Library Central Library First floor 08/03/2010 Purchase   526.9 PUN 000010293 15/07/2025 10/03/2008 Book - Borrowing